|
|
|
|
| LEADER |
00000cam a2200000 7i4500 |
| 001 |
0000000353 |
| 005 |
20010705.0 |
| 090 |
0 |
0 |
|a 634.973748
|b KIK 1994
|
| 100 |
1 |
0 |
|a KIKUCHI
|h Tsunesuke
|
| 245 |
1 |
0 |
|a Experiments on vegetative propagation techniques for raising seedlings of acacia mangium and hybrid of a. mangium x a. auriculiformis
|c reported by Tsunesuke Kikuchi, Shaisin Tiasin
|
| 260 |
0 |
0 |
|a Kota Kinabalu, Sabah :
|b Sabah Forestry Development Authority : Sabah Re-Afforestation Technical Development and Training Project ; [Tokyo] : Japan International Cooperation Agency ,
|c [1994]
|
| 300 |
|
|
|a i, 30 p. :
|b ill. ;
|c 30 cm.
|
| 650 |
0 |
0 |
|a Acacia
|
| 650 |
0 |
0 |
|a Mangium
|
| 700 |
0 |
1 |
|a Tiasin
|h Shaisin
|
| 998 |
|
|
|a JPSM
|
| 999 |
|
|
|a 0000000407
|b Monograph
|c Open Shelf
|e Default branch
|
| 999 |
|
|
|a 0000000409
|b Monograph
|c Open Shelf
|e Default branch
|